[Event "Val d'Or op"]
[Site "Val d'Or"]
[Date "2000.05.20"]
[Round "1"]
[White "Brousseau, Yvan"]
[Black "Leblanc, Donald"]
[Result "1-0"]
[WhiteElo "1734"]
[BlackElo "1507"]
[PlyCount "103"]
[EventDate "2000.05.??"]
[EventType "swiss"]
[EventRounds "4"]
[EventCountry "CAN"]
[SourceTitle "EXT 2005"]
[Source "ChessBase"]
[SourceDate "2004.11.15"]
[SourceVersion "1"]
[SourceVersionDate "2004.11.15"]
[SourceQuality "1"]

1. d4 Nf6 2. c4 g6 3. Nc3 Bg7 4. e4 0-0 5. Bd3 d6 6. Nge2 Nbd7 7. f4 e5 8. fxe5 dxe5 9. d5 Nc5 10. Bc2 Bg4 11. Be3 Ncd7 12. h3 Bxe2 13. Qxe2 Nh5 14. Qf2 Bf6 15. Ne2 Qe7 16. 0-0 b6 17. Rad1 Rad8 18. g4 Ng7 19. Nc3 Bh4 20. Qd2 Kh8 21. Nb5 a6 22. Nxc7 Qd6 23. Nxa6 Ra8 24. Qb4 Be7 25. Qb5 Ra7 26. a3 Rfa8 27. Nb4 Ne8 28. Nc6 Ra5 29. Nxa5 Rxa5 30. Qc6 Nc7 31. Rxf7 Nc5 32. Qxd6 Bxd6 33. b4 Rxa3 34. bxc5 bxc5 35. Kf2 Kg8 36. Rd7 Ra6 37. Ke2 Na8 38. Rb1 Kh8 39. Rxd6 Rxd6 40. Rb8+ Kg7 41. Rxa8 Rd7 42. Bxc5 Rc7 43. Ra7 Rxa7 44. Bxa7 Kh6 45. d6 Kg5 46. d7 Kh4 47. d8Q+ Kxh3 48. Bf2 g5 49. Qxg5 h5 50. Qh4+ Kg2 51. Qg3+ Kh1 52. Qg1# 1-0